La historia de las cosas : (Registro nro. 5949)
[ vista simple ]
| 000 -LEADER | |
|---|---|
| fixed length control field | 01518nam a2200313Ia 4500 |
| 003 - CONTROL NUMBER IDENTIFIER | |
| control field | OSt |
| 005 - DATE AND TIME OF LATEST TRANSACTION | |
| control field | 20200909143103.0 |
| 008 - FIXED-LENGTH DATA ELEMENTS--GENERAL INFORMATION | |
| fixed length control field | 191128s2010 mx ad gr 001 0dspa d |
| 020 ## - INTERNATIONAL STANDARD BOOK NUMBER | |
| International Standard Book Number | 9788437506500 |
| 040 ## - CATALOGING SOURCE | |
| Original cataloging agency | CO-JMCR |
| Transcribing agency | CO-JMCR |
| 041 1# - LANGUAGE CODE | |
| Language code of text/sound track or separate title | spa |
| Language code of original | eng |
| 082 04 - DEWEY DECIMAL CLASSIFICATION NUMBER | |
| Classification number | 363.73 / |
| Item number | L265h |
| Edition number | 23 |
| 100 1# - MAIN ENTRY--PERSONAL NAME | |
| Personal name | Leonard, Annie, |
| Relator term | autora |
| 9 (RLIN) | 10051 |
| 245 13 - TITLE STATEMENT | |
| Title | La historia de las cosas : |
| Remainder of title | de cómo nuestra obsesión por las cosas está destruyendo el planeta, nuestras comunidades y nuestra salud, y una visión del cambio / |
| Statement of responsibility, etc. | Annie Leonard con Ariane Conrad ; traducción de Lilia Mosconi |
| 250 ## - EDITION STATEMENT | |
| Edition statement | Primera edición |
| 260 ## - PUBLICATION, DISTRIBUTION, ETC. | |
| Place of publication, distribution, etc. | Mexico ; Bogotá : |
| Name of publisher, distributor, etc. | Fondo de Cultura Económica, |
| Date of publication, distribution, etc. | 2010 |
| 300 ## - PHYSICAL DESCRIPTION | |
| Extent | 390 páginas : |
| Other physical details | ilustraciones y gráficos a blanco y negro ; |
| Dimensions | 24 cm. |
| 490 0# - SERIES STATEMENT | |
| Series statement | Tezontle |
| 500 ## - GENERAL NOTE | |
| General note | Incluye datos biográficos del autor en solapa frontal e índice de nombres y conceptos. |
| 500 ## - GENERAL NOTE | |
| General note | Título original: The history of stuff. How our obsession with stuff is trashing the planet, our communities, and our healt - and a vision for change |
| 505 0# - FORMATTED CONTENTS NOTE | |
| Formatted contents note | Clave de los gráficos recurrentes -- Una palabra sobre las palabras -- Extracción -- Producción -- Distribución -- Consumo -- Desecho |
| 546 ## - LANGUAGE NOTE | |
| Language note | Traducido del inglés |
| 650 14 - SUBJECT ADDED ENTRY--TOPICAL TERM | |
| Topical term or geographic name entry element | Consumismo |
| General subdivision | aspectos sociales |
| 9 (RLIN) | 10052 |
| 650 14 - SUBJECT ADDED ENTRY--TOPICAL TERM | |
| Topical term or geographic name entry element | Aspectos éticos morales |
| 9 (RLIN) | 10053 |
| 650 14 - SUBJECT ADDED ENTRY--TOPICAL TERM | |
| Topical term or geographic name entry element | Política ambiental |
| 9 (RLIN) | 10054 |
| 700 1# - ADDED ENTRY--PERSONAL NAME | |
| Personal name | Conrad, Ariane, |
| Relator term | autora |
| 9 (RLIN) | 10055 |
| 700 1# - ADDED ENTRY--PERSONAL NAME | |
| Personal name | Mosconi, Lilia, |
| Relator term | traductora |
| 9 (RLIN) | 10056 |
| 942 ## - ADDED ENTRY ELEMENTS (KOHA) | |
| Source of classification or shelving scheme | Dewey Decimal Classification |
| Koha item type | Books |
| Withdrawn status | Lost status | Source of classification or shelving scheme | Damaged status | Not for loan | Collection code | Home library | Current library | Date acquired | Source of acquisition | Full call number | Barcode | Date last seen | Copy number | Koha item type |
|---|---|---|---|---|---|---|---|---|---|---|---|---|---|---|
| Dewey Decimal Classification | Non-fiction | Biblioteca Pública José María del Castillo y Rada | Biblioteca Pública José María del Castillo y Rada | 04/15/2018 | Donación | 363.73 / L265h | 430011239 | 05/16/2024 | Ej.1 | Books |